000 00677nam0a22002531 4500
001 RU\NLR\INFOCOMM16\ROSSICA\1000473227
005 20250613185514.0
035 _a(NLR Aleph) 009888751
090 _a10509068
_c10509068
100 _a20030818d1883 |||y0rusy50 ca
101 0 _ager
102 _aRU
105 _ay ||||000ay
200 1 _aZur Geologie der Aralo-Kaspischen Niederung
_fHelmersen, G.v.
210 _aSt.Pétersbourg
_d1883
215 _d
700 1 _aHelmersen
_bG.von
_gGregor von
_4070
801 1 _aRU
_bInfoComm
_c20030818
801 0 _aRU
_bNLR
_gPSBO
852 _aNLR
_j12.53.8.303
942 _cBOOK
980 _aNB
980 _aRossica